bio - Botaniquinha 1 - Statistics

Estatísticas Gerais
  • Esse quiz foi jogado 186 vezes
  • A pontuação média é 7 de 14
Estatísticas das Respostas
Questão Resposta % Correto
Qual é uma característica exclusiva das angiospermas? Flor
84%
O girassol sempre está virado para o sol, qual movimento vegetal é responsável por esse comportamento? Héliotropismo
76%
Uma polinização anemófila é realizada pelo (a): Vento
68%
Qual vaso é responsável pelo transporte da seiva bruta e em qual sentido esse transporte ocorre? Xilema, ascendente
68%
Qual a fase duradoura do ciclo de vida das briófitas? Gametófito
58%
Qual hormônio vegetal é responsável pelos tropismos? Auxina
47%
Como é o nome da folha jovem de uma samambaia? Báculo
47%
Quem apresenta dupla fecundação como uma de suas principais características? Angiosperma
45%
Em uma flor: Filete, conectivo e antera formam? Estame, a parte masculina da flor
45%
O oxigênio produzido na reação da fotossíntese ( 6CO2 + 12H2O --- luz e clorofila ---> C6H12O6 + 6O2 + 6H2O) provém do (a): Àgua
37%
O Prótalo faz parte do ciclo de vida das? Pteridófitas
37%
Os Antóceros, são exemplos de: Briófita
34%
Quem são consideradas os "répteis" do reino vegetal? Gminosperma
34%
Qual o principal sal mineral que compõe a clorofila? Magnésio
29%
Nenhum quiz correspondente encontrado
Distribuição das Pontuações
Porcentagem de Pessoas com Cada Pontuação
Percentil de Números Respondidos
Sua Pontuação Histórica
Você não jogou esse quiz